| 000 | 00682nam a2200289Ia 4500 | ||
|---|---|---|---|
| 005 | 20260324131349.0 | ||
| 008 | 008 260324s9999 xx 000 0 eng d | ||
| 020 | _a9780203020074 | ||
| 037 | _aEBOOK | ||
| 040 | _aCRL | ||
| 040 | _beng | ||
| 040 | _cCRL | ||
| 041 | _2eng | ||
| 041 | _aeng | ||
| 084 | _qCRL | ||
| 100 |
_aRobyn L. Jones _91185237 |
||
| 245 | 4 | _aThe Sports Coach as Educator | |
| 245 | 0 | _bRe-conceptualising Sports Coaching | |
| 260 | _bTaylor and Francis | ||
| 260 | _c2006 | ||
| 365 | _a | ||
| 365 | _b290 | ||
| 856 | _uhttp://www.taylorfrancis.com/books/9780203020074 | ||
| 942 | _cEBOOK | ||
| 999 |
_c1782305 _d1782305 |
||